000 00287nam a22001337a 4500
008 170307b xxu||||| |||| 00| 0 eng d
020 _a0721691285
041 _aeng
080 _236TH
_a611
100 _a6
101 _aSHM
245 _aGRAY'S ANATOMY
_cWILLIAMS, P.L
942 _2udc
_cBK
999 _c6942
_d6942